Paličkovaná čipka zo Španej Doliny

Bibliographic Details
Main Author: Dejlová, Lýdia (Author)
Other Authors: Slobodník, Viliam ml (Photographer)
Format: Book
Language:Slovak
PhysicalDescription:60 s. fotogr. 30 cm
Published: Banská Bystrica Štefan Marcík - TETTRIS Miestny odbor Matice slovenskej 2008
ISBN:9788096989683
Edition:1. vyd.
Subjects:

MARC

LEADER 00000nam a2200000 a 4500
001 vtls009488975
003 SK-MaSNL
005 20260301082132.0
008 240318s2008 xo oc g f 000 0 slo
015 |a SNBA2009/04-01987 
020 |a 9788096989683  |q (brož.) 
040 |a SNK  |b slo  |c SNK  |e AACR2 
041 0 |a slo 
043 |a e-xo--- 
044 |a xo  |c SK 
072 7 |a 74  |x Kresba. Umelecké remeslá  |2 konspekt 
080 |a 746.2  |2 2001 
080 |a 746.21  |2 2001 
080 |a 7.048  |2 2001 
080 |a (437.6)  |2 2001 
080 |a (036)  |2 2001 
080 |a (035)  |2 2001 
100 1 |a Dejlová, Lýdia  |4 aut  |9 401836 
245 1 0 |a Paličkovaná čipka zo Španej Doliny  |c Lýdia Dejlová ; [fotografie: Viliam Slobodník, jr.] 
250 |a 1. vyd. 
260 |a Banská Bystrica  |b Štefan Marcík - TETTRIS  |b Miestny odbor Matice slovenskej  |c 2008 
300 |a 60 s.  |b fotogr.  |c 30 cm 
366 |e 300 výt. 
650 0 7 |a čipkárstvo  |2 SNKPH  |9 18413 
650 0 7 |a paličkovaná čipka  |2 SNKPH  |9 28807 
650 0 7 |a vzory (motívy)  |2 SNKPH  |9 67231 
651 7 |a Špania Dolina (Slovensko)  |2 SNKPHgeo  |9 28044 
655 7 |a informačné publikácie  |2 SNKPH  |9 70181 
655 7 |a príručky  |2 SNKPH  |9 74364 
700 1 |a Slobodník, Viliam  |c ml.  |4 pht  |9 406556 
919 |a 978-80-969896-8-3 
968 |d 73/77 
999 |c 657776  |d 659706 
952 |a SNK  |b SNK  |y PREZ  |7 0  |p 17A0618657  |o snkOSB 15440  |i snk2009/6511  |8 0  |0 0  |1 0  |4 0  |d 2009-04-01  |l 0  |r 2026-02-23 18:43:22  |w 2026-02-23 
952 |a SNK  |b SNK  |y VYP  |7 0  |p 17A0618658  |o snkOSB 15440 D1  |i snk2009/6513  |8 0  |0 0  |1 0  |4 0  |d 2009-04-01  |l 0  |r 2026-02-23 18:43:22  |w 2026-02-23